00330nam a2200121Ia 4500008004100000041000800041082001700049100001600066245004500082260003900127300003100166365001100197240624s9999 xx 000 0 und d aeng a658.4022 BLO aBLOCH SUSAN aHOW TO MANAGE IN A FLAT WORLD GET CONNEC c2008aNew DelhibPearson Education axxv, : 156 : p. : cm. ; 22 cRSb20